| 000 | 00396pab a2200157 454500 | ||
|---|---|---|---|
| 008 | 180718b1997 xxu||||| |||| 00| 0 eng d | ||
| 100 | _aChan, Thomas | ||
| 245 | _aPlanning the fight against corruption: a Hong Kong experience | ||
| 260 | _c1997 | ||
| 300 | _ap.19-20 | ||
| 362 | _aJan | ||
| 650 | _aCorruption - Hong Kong | ||
| 650 | _aCorruption | ||
| 773 | _aCBI Bulletin | ||
| 909 | _a33014 | ||
| 999 |
_c33014 _d33014 |
||